| 000 | 00369nam a22001217a 4500 | ||
|---|---|---|---|
| 082 | _a220 PRO | ||
| 100 |
_aAQSA ISRAR, IQRA KHALIL, MUHAMMAD ARSAL ABDULLAH _971626 |
||
| 245 | _aPR-SOF-1476-SNAP SOLVE.PDF | ||
| 260 |
_aISLAMABAD _bNUST COLLEGE OF EME _c2015 |
||
| 650 |
_aDE-COMP-33 _971627 |
||
| 700 |
_aASST PROF SAJID GUL KHAWAJA, DR USMAN AKRAM _971628 |
||
| 942 | _cCR | ||
| 999 |
_c578041 _d578041 |
||